1171 1237 1392 1305 1768 1812 1240 1053 1107 1632 1174 1930 1565 1416 1081 1670 1872 1096 1665 1644 1840 1961 1448 1419 1569 1728 1743 1518 1141 1739 1613 1476 1315 1748 1975 1413 1847 1893 1387 1851 1362 1700 1235 1412 1153 1600 1559 1250 1648 1855 1389 1435 1641 1531 1639 1985 1961 1104 1904 1572 1667 1822 1246 1100 1069 1516 1222 1695 1278 1892 1609 1918 1561 1765 1539 1521 1508 1432 1415 1649 1487 1943 1115 1573 1865 1311 1340 1042 1251 1366 1143 1996 1229 1407 1961 1128 1221 1156 1710 BCNSPRNW ULIB Ver.6.0+V

เปลี่ยนเป็นภาษาไทย

Change to English
 แสดงรายละเอียดบรรณานุกรม
  กลับหน้าหลัก

Brief Record : Get Marc (ISO 2709) : E-mail record : QR code < ปิดหน้าต่าง
LEADER : 00000nam 2200000uu 4500
001    13399126384
003     ULIB
008    180911s2559||||th 000 0 tha d
020    ^a9786162147241
050    ^aนว^bว177ห
100 0  ^aวรรณวรรธน์
245 10 ^aหนึ่งด้าวฟ้าเดียวกัน เล่ม 2/ ^cวรรณวรรธน์
250    ^aพิมพ์ครั้งที่ 9
260    ^aกรุงเทพฯ : ^bณ บ้านวรรณกรรม, ^c2559
300    ^a342 หน้า ;^c21 ซม
945    ^p270^l0^i004610
999    ^aวรรณษา ชูชัยมงคล
รายการนี้ยังไม่มีแท็ก
คุณยังไม่ได้ล็อกอิน คุณสามารถมีกิจกรรมร่วมกับเว็บไซต์ได้ แต่ต้องล็อกอินก่อน ::
  ล็อกอิน

รายการสื่อสารสนเทศ

ลำดับที่ ประเภท เลขเรียก/บาร์โค้ด สถานที่ สถานะ
1. นวนิยาย
นวนิยาย
นว ว177ห ฉ.1 
  Barcode: 004610
ห้องสมุดวิทยาเขตสวรรค์ประชารักษ์
►หนังสือทั่วไป
บนชั้น

รายการใกล้เคียง
    ผู้แต่ง [วรรณวรรธน์]

BibComment


ยังไม่เคยถูกคอมเมนท์

คอมเมนท์ทรัพยากรรายการนี้
  คอมเมนท์: หนึ่งด้าวฟ้าเดีย..


 Copyright 2026. Bcnsprnw @Library